Law & technology / (Record no. 93551)

MARC details
000 -LEADER
fixed length control field 00555nam a22001817a 4500
005 - DATE AND TIME OF LATEST TRANSACTION
control field 20150626115607.0
010 ## - LCCN (DPL NO)
LC control number ENG-113025
020 ## - INTERNATIONAL STANDARD BOOK NUMBER
International Standard Book Number 9789350355213
Terms of availability 225.00
035 ## - SYSTEM CONTROL NUMBER
System control number EN-96557
037 ## - SOURCE OF ACQUISITION
Source of stock number/acquisition DBAD/PUB
082 ## - DEWEY DECIMAL CLASSIFICATION NUMBER
Classification number 340
100 ## - MAIN ENTRY--PERSONAL NAME
Personal name Vij, Niharika
245 ## - TITLE STATEMENT
Title Law & technology /
Statement of responsibility, etc by Niharika Vij ; foreworded by Lalit Bhasin
260 ## - PUBLICATION, DISTRIBUTION, ETC. (IMPRINT)
Place of publication, distribution, etc New Delhi
Name of publisher, distributor, etc Universal Law Publishing
Date of publication, distribution, etc 2015
270 ## - ADDRESS
Address A-58, G.T. Karnal Road Industrial Area
City New Delhi
Postal code 110033
300 ## - PHYSICAL DESCRIPTION
Extent xvii,124p.
Dimensions 24cm(pbk)
942 ## - ADDED ENTRY ELEMENTS (KOHA)
Source of classification or shelving scheme Dewey Decimal Classification
Item type English Books
Call number suffix VIJ
Classification part 340
Holdings
Withdrawn status Lost status Not for loan Collection code Home library Current library Date acquired Source of acquisition Cost, normal purchase price Full call number Barcode Copy number Cost, replacement price Koha item type
    Not For Loan Non-fiction D.B.Act.Division D.B.Act.Division 13/05/2015 DBAD/PUB 225.00 340 VIJ EN-96557 1 225.00 English Books

© Delhi Public Library
Hit Counter
free hit counter